000 01445nam a22002657a 4500
005 20230724115036.0
008 230722b ||||| |||| 00| 0 eng d
020 _a9789356590861
040 _cAL
041 _aEnglish
082 _223
_a320.52094
_bMEHI
100 _aG Mehboob
_9128227
245 _aIslamic Phobia Vs Hindu Phobia
260 _aMangalore
_bGM Publications
_c2022
300 _a123 p.
_bPB
_c21.5x14 cm.
365 _aBLCR-000023
_b₹160.00
_c
_d₹200.00
_e20%
_f11-07-2023
520 _aThis book is a sincere effort to wake up our honest but lazy society. We are all challenged in our own soil by some arrogant and greedy unethical organizations. Hindus and Muslims were targeted in the name of our great religions to garner power and position. Whenever we fought together, we were formidable. We were too good for all kinds of anti-social and anti-national forces. Hence come together again and weed out these anti-social forces again. This book definitely an effort to rejuvenate our religious and secular faith. Just reading this book is not at all enough, but spreading the message of this book is also utmost important. Hence Read, Enjoy, Spread and Support.
650 _aIndian History
_9128147
650 _aIndian Economy
_9128148
650 _aNarendra Modi
_9128149
650 _aIndian Politics
_9128150
650 _aHindus and Muslims
_9128151
700 _aMEHBOOB (G)
_9128152
942 _2ddc
_cBK
999 _c228090
_d228090